| Tag |
First Indicator |
Second Indicator |
Subfields |
| LEADER |
00000cam a22000001a 4500 |
| 001 |
in00003311421 |
| 006 |
m d f |
| 007 |
cr bn mmmapmmp |
| 008 |
101203s2005 dcu o f000 0 eng d |
| 005 |
20260501143005.2 |
| 035 |
|
|
|a cis2007847723
|
| 040 |
|
|
|a ProQuest
|c ProQuest
|d UtOrBLW
|
| 043 |
|
|
|a n-us---
|
| 099 |
|
|
|a CRS-2005-AML-0403
|
| 110 |
2 |
|
|a Library of Congress.
|b Congressional Research Service.
|
| 245 |
1 |
0 |
|a Foreign Investment in the U.S :
|b Major Federal Statutory Restrictions.
|
| 264 |
|
1 |
|a [Place of publication not identified] :
|b [publisher not identified],
|c 2005.
|
| 300 |
|
|
|a 1 online resource.
|
| 336 |
|
|
|a text
|b txt
|2 rdacontent
|
| 337 |
|
|
|a computer
|b c
|2 rdamedia
|
| 338 |
|
|
|a online resource
|b cr
|2 rdacarrier
|
| 500 |
|
|
|a Record is based on bibliographic data in ProQuest U.S. Congressional Research Digital Collection (last viewed Dec. 2010). Reuse except for individual research requires license from ProQuest, LLC.
|
| 500 |
|
|
|a CRS Report.
|
| 520 |
|
|
|a Reviews major Federal statutes restricting foreign investment in the U.S. Covers the history of foreign investment in the U.S., constitutional justifications and limitations, present Federal restrictions on foreign investment in various industries, and Presidential authority to review mergers, acquisitions, and takeovers when transaction threatens national security.
|
| 500 |
|
|
|a Electronic resource.
|
| 650 |
|
0 |
|a Constitutional law.
|
| 650 |
|
0 |
|a Big business.
|
| 650 |
|
0 |
|a Investments, Foreign.
|
| 655 |
|
7 |
|a Electronic books.
|2 local
|
| 710 |
2 |
|
|a ProQuest (Firm)
|
| 776 |
0 |
8 |
|i Microfiche version:
|a Library of Congress. Congressional Research Service.
|t Foreign Investment in the U.S.
|
| 830 |
|
0 |
|a U.S. Congressional Research.
|
| 856 |
4 |
0 |
|u http://proxy.library.tamu.edu/login?url=https://congressional.proquest.com/congcomp/getdoc?CRDC-ID=CRS-2005-AML-0403
|z Connect to the full text of this electronic book
|t 0
|
| 999 |
|
|
|a MARS
|
| 999 |
f |
f |
|s 1013ef73-b838-3d0c-a094-b01fbfbb6c61
|i efc0b684-15be-30a8-b3d0-1d0f73dbd037
|t 0
|
| 952 |
f |
f |
|a Texas A&M University
|b College Station
|c Electronic Resources
|s www_evans
|d Available Online
|t 0
|e CRS-2005-AML-0403
|h Other scheme
|
| 998 |
f |
f |
|a CRS-2005-AML-0403
|t 0
|l Available Online
|